El tomismo: introducción a la filosofía de Santo Tomás de Aquino

Збережено в:
Бібліографічні деталі
Автор: Gilson, Étienne (autor)
Формат: Книга
Мова:Іспанська
Опубліковано: Buenos Aires Desclee 1951
Предмети:
Теги: Додати тег
Немає тегів, Будьте першим, хто поставить тег для цього запису!

MARC

LEADER 00000nam a2200000 a 4500
001 UCY4691
003 CL-VaPUC
008 950324e19510000AG |||||||||||||||||spa|d
082 0 4 |a 189.4  |b GIL  |2 21 
100 |a Gilson, Étienne  |e autor  |9 349171 
245 1 3 |a El tomismo: introducción a la filosofía de Santo Tomás de Aquino 
300 |a 562 p 
942 |c BK 
945 |d 19950324 00:00:00  |a aalvarez 
260 |a Buenos Aires  |b Desclee  |c 1951 
600 0 |a Tomás de Aquino  |d 1220-1274  |c Santo  |9 255832 
650 0 |a Tomismo  |9 259214 
650 0 |a Crítica e interpretación   |9 255042 
583 |a last modification  |c 19950324 00:00:00  |k Rodrigo Vera 
999 |c 232467  |d 232465 
952 |0 0  |1 0  |4 0  |6 189_400000000000000_GIL_1951  |7 0  |8 A  |9 236960  |a BIBEDU  |b BIBEDU  |d 2019-11-15  |i 306834K  |l 2  |o 189.4 GIL 1951  |p 306834K  |r 2023-05-29  |s 2023-05-09  |w 2019-11-15  |y BK  |k FIL 
952 |0 0  |1 0  |4 0  |6 189_400000000000000_GIL_1951  |7 0  |8 A  |9 236961  |a BIBEDU  |b BIBEDU  |d 2019-11-15  |i 1563114  |o 189.4 GIL 1951  |p 1563114  |r 2019-11-15  |w 2019-11-15  |y BK  |k FIL 
952 |0 0  |1 0  |4 0  |6 189_400000000000000_GIL_1951  |7 0  |8 DER_TF  |9 236962  |a BIBDER  |b BIBDER  |d 2019-11-15  |i 1880764  |l 1  |o 189.4 GIL 1951  |p 1880764  |r 2024-09-09  |s 2024-09-02  |w 2019-11-15  |x Ubicación 4to Piso  |y BK  |z Estos recursos deben solicitarse con anticipación  |k DER